Library Banner

(اسلام اور مغرب کے تہزیبی مسائل)Islam aur maghrab ke tahzeebi masael (Record no. 14584)

MARC details
000 -LEADER
fixed length control field 00619nam a2200181Ia 4500
001 - CONTROL NUMBER
control field 13944
003 - CONTROL NUMBER IDENTIFIER
control field OSt
005 - DATE AND TIME OF LATEST TRANSACTION
control field 20160308104859.0
008 - FIXED-LENGTH DATA ELEMENTS--GENERAL INFORMATION
fixed length control field 140402s9999 xx 000 0 und d
040 ## - CATALOGING SOURCE
Transcribing agency PK-LaUMT
082 ## - DEWEY DECIMAL CLASSIFICATION NUMBER
Classification number 306
Item number QUT-I
100 ## - MAIN ENTRY--PERSONAL NAME
Personal name Syed Qutab Shaheed
245 ## - TITLE STATEMENT
Title (اسلام اور مغرب کے تہزیبی مسائل)Islam aur maghrab ke tahzeebi masael
Statement of responsibility, etc (سید قطب شہید)Syed Qutab Shaheed
260 ## - PUBLICATION, DISTRIBUTION, ETC. (IMPRINT)
Place of publication, distribution, etc (لاہور، پاکستان)Lahore,Pakistan:
Name of publisher, distributor, etc (مکتبہ تعمیرات انسانیت)Maktaba Tameraat Insaniyyat,
Date of publication, distribution, etc 1995
300 ## - PHYSICAL DESCRIPTION
Extent 208 p.
546 ## - LANGUAGE NOTE
Language note EN
942 ## - ADDED ENTRY ELEMENTS (KOHA)
Koha item type Books
Source of classification or shelving scheme Dewey Decimal Classification
Holdings
Withdrawn status Lost status Damaged status Not for loan Home library Current library Date acquired Total Checkouts Full call number Barcode Date last seen Date checked out Price effective from Koha item type
        UMT Main Campus UMT Main Campus 2014-04-02 1 306 QUT-I 16155 2019-05-04 2018-01-19 2014-04-21 Books